|
|
|
|
| LEADER |
00897ncm a22002532a 4500 |
| 001 |
001239993 |
| 003 |
CZ BrMZK |
| 005 |
20120816095402.0 |
| 007 |
qu |
| 008 |
120816s1926 xr |||||||||||||||||cze d |
| 040 |
|
|
|a BOA001
|b cze
|
| 072 |
|
7 |
|a 784
|x Vokální hudba
|2 Konspekt
|9 9
|
| 100 |
1 |
|
|a Nossberger, Kvido,
|d 1892-1967
|7 jx20040927007
|4 cmp
|
| 245 |
1 |
0 |
|a Pojď můj příteli!
|h [hudebnina] :
|b (Život je krátký, život je sen) /
|c Quido Nosberger ; [slova] napsal Václav Mírovský
|
| 260 |
|
|
|a Praha :
|b Šváb,
|c 1926
|
| 300 |
|
|
|a 3 s.
|
| 490 |
1 |
|
|a Švábův český kabaret ;
|v č. 95
|
| 500 |
|
|
|a Zpěv a klavír
|
| 700 |
1 |
|
|a Mírovský, Václav,
|d 1902-1953
|7 jk01081787
|4 lyr
|
| 830 |
|
0 |
|a Švábův český kabaret
|
| 910 |
|
|
|a BOA001
|b Mus4-0575.064
|
| 990 |
|
|
|a MU
|
| 991 |
|
|
|b 201208
|
| 996 |
6 |
|
|b 2619106752
|c Mus4-0575.064
|l MZK
|r Sklad / do 1 hodiny
|n 0
|w 001273977
|u 000010
|a 1
|e BOA001
|j MZK50
|s P
|